New era of progress (Record no. 496707)

000 -LEADER
fixed length control field 00353cam a22001097a 4500
008 - FIXED-LENGTH DATA ELEMENTS--GENERAL INFORMATION
fixed length control field 180718b xxu||||| |||| 00| 0 eng d
082 ## - DEWEY DECIMAL CLASSIFICATION NUMBER
Classification number Tooox5461 P
245 ## - TITLE STATEMENT
Title New era of progress
Statement of responsibility, etc. by Directorate of Information and Publicity
260 ## - PUBLICATION, DISTRIBUTION, ETC.
Place of publication, distribution, etc. New Delhi
Name of publisher, distributor, etc. Government of India Press
Date of publication, distribution, etc.
300 ## - PHYSICAL DESCRIPTION
Extent 41p
700 ## - ADDED ENTRY--PERSONAL NAME
Personal name India. Directorate of Information and Publicity
Holdings
Withdrawn status Lost status Damaged status Not for loan Permanent Location Current Location Date acquired Full call number Barcode Date last seen Price effective from Koha item type
        Indian Institute of Public Administration Indian Institute of Public Administration 2018-08-04 Tooox5461 P GG16173 2018-08-04 2018-08-04 GG

Powered by Koha